000
00317nam a22001337a 4500
008
171018b xxu||||| |||| 00| 0 eng d
020
_a
9780619159849
041
_a
eng
080
_2
3RD
_a
338
100
_a
53
101
_a
MEN
245
_a
INFORMATION TECHNOLOGY PROJECT MANAGEMENT
_c
SCHWALBE,K
942
_2
udc
_c
BK
999
_c
34654
_d
34654